| 000 | 00474nam a2200181Ia 4500 | ||
|---|---|---|---|
| 001 | 4697 | ||
| 005 | 20260306145814.0 | ||
| 008 | 260306t1998||||xx |||||||||||||| ||spa|| | ||
| 041 | _aESP | ||
| 082 |
_a330 _bZ47 |
||
| 100 |
_aZavala, Abel Andrés _eAUT |
||
| 245 | 0 |
_aElementos básicos de economía: _b(teoría económica - micro y macro económica) |
|
| 260 | _c1998 | ||
| 300 |
_a299 páginas : _c22 cm. |
||
| 650 | _aGEN | ||
| 654 | _aCAN | ||
| 942 |
_cLIB _dJUS _fJUS _2ddc _n |
||
| 999 |
_c4697 _d4697 |
||